Handbook of sensor networks compact wireless and wired sensing systems (Record no. 582145)

000 -LEADER
fixed length control field 00610nam a22001937a 4500
003 - CONTROL NUMBER IDENTIFIER
control field CEME
005 - DATE AND TIME OF LATEST TRANSACTION
control field 20210628205724.0
008 - FIXED-LENGTH DATA ELEMENTS--GENERAL INFORMATION
fixed length control field 210129b xxu||||| |||| 00| 0 eng d
020 ## - INTERNATIONAL STANDARD BOOK NUMBER
International Standard Book Number 08493-1968-4
040 ## - CATALOGING SOURCE
Transcribing agency .
082 ## - DEWEY DECIMAL CLASSIFICATION NUMBER
Classification number 004.68 HAN
100 ## - MAIN ENTRY--PERSONAL NAME
Personal name Mahgoub, Imad
9 (RLIN) 76824
245 ## - TITLE STATEMENT
Title Handbook of sensor networks compact wireless and wired sensing systems
260 ## - PUBLICATION, DISTRIBUTION, ETC.
Place of publication, distribution, etc. NEW YORK
Name of publisher, distributor, etc. CRC PRESS
Date of publication, distribution, etc. 2004
300 ## - PHYSICAL DESCRIPTION
Extent XXII,900P
650 ## - SUBJECT ADDED ENTRY--TOPICAL TERM
Topical term or geographic name entry element SENSOR NETWORKS, WIRELESS LANS.HANDBOOK OF SENSOR NETWORKS COMPACT WIRELESS AND WIRED SENSING SYSTEMS
9 (RLIN) 76825
700 ## - ADDED ENTRY--PERSONAL NAME
Personal name Ilyas, Mohammad
9 (RLIN) 76826
942 ## - ADDED ENTRY ELEMENTS (KOHA)
Koha item type Book
Source of classification or shelving scheme
Holdings
Withdrawn status Lost status Damaged status Not for loan Permanent Location Current Location Shelving location Date acquired Total Checkouts Full call number Barcode Date last seen Price effective from Koha item type
        College of Electrical & Mechanical Engineering (CEME) College of Electrical & Mechanical Engineering (CEME) General Stacks 02/23/2017   004.68 HAN CEME-40114 06/28/2021 06/28/2021 Book
© 2023 Central Library, National University of Sciences and Technology. All Rights Reserved.